Vị trí, vai trò, nhiệm vụ của nguồn nhân lực ngành văn hoá, thể thao, du lịch /

Đã lưu trong:
Sonraí Bibleagrafaíochta
Príomhúdar: Lê Thị Thu Hiền.
Formáid: Bài viết
Teanga:Vietnamese
Ábhair:
Clibeanna: Cuir Clib Leis
Gan Chlibeanna, Bí ar an gcéad duine leis an taifead seo a chlibeáil!
Thư viện lưu trữ: Thư viện Trường Đại học Đà Lạt
LEADER 00813nam a2200265 4500
001 DLU170182214
005 ##20171201
040 # # |a DLU  |b vie 
041 # # |a vie 
044 # # |a vn 
100 # # |a Lê Thị Thu Hiền. 
245 # # |a Vị trí, vai trò, nhiệm vụ của nguồn nhân lực ngành văn hoá, thể thao, du lịch /  |c Lê Thị Thu Hiền. 
653 # # |a Du lịch 
653 # # |a Ngành văn hoá 
653 # # |a Nguồn nhân lực 
773 # # |t Tạp chí Văn hoá nghệ thuật  |g Số 386, 2016, tr. 12-15 
920 # # |a Phòng Tạp chí -- Trung tâm Thông tin - Thư viện Trường Đại học Đà Lạt 
994 # # |a DLU 
900 # # |a True 
911 # # |a Trần Thị Minh Hương 
925 # # |a G 
926 # # |a A 
927 # # |a BB 
980 # # |a Thư viện Trường Đại học Đà Lạt